Les curiosités de l'exposition universelle de 1867...

Podrobná bibliografia
Ďalší autori: Hippolyte Gautier, M.
Médium: Kniha
Jazyk:neznámy jazyk
Fyzický popis:194 s.
Vydavateľské údaje: Paris Charles Delagrave 1867

MARC

LEADER 00000nam a2200000 a 4500
001 vtls001438014
003 SK-MaSNL
005 20260302002026.0
008 180810s1867 xx 0 und
035 |a SNK000393144 
040 |a SNK  |b slo  |c SNK  |e AACR2 
041 0 |a und 
044 |a xx 
245 1 |a Les curiosités de l'exposition universelle de 1867... 
260 |a Paris  |b Charles Delagrave  |c 1867 
300 |a 194 s. 
700 1 |a Hippolyte Gautier, M.  |9 638832 
958 |a ONDV 
999 |c 986325  |d 988255 
952 |t P60, <04>, [BOOK], {604}  |a SNK  |b SNK  |y VYP  |7 0  |p 17A0269181  |o snkID 70471  |i snkF 110/79  |0 0  |1 0  |4 0  |d 2002-07-19  |l 0  |r 2005-01-02 00:00:00  |w 2026-02-24